000 00360pab a2200133 454500
008 180718b1995 xxu||||| |||| 00| 0 eng d
245 _aREVIEW of industry and management
_ba special feature.
260 _c1995
300 _ap.M18-80
362 _a27 May
650 _aIndustrial management - India
773 _aEconomic and Political Weekly
909 _a28666
999 _c28666
_d28666